000 00668nam a2200253Ia 4500
003 OSt
005 20220918163400.0
006 a|||||r|||| 00| 0
007 ta
008 220917b |||||||| |||| 00| 0 eng d
020 _a0 7100 0509 1
024 _a32,273
037 _cTextual
040 _aARTS
_cARTS
_beng
041 _2eng
_aeng
082 _aO111, 3:g, M0
100 _aGreen Martin
_912854
245 0 _aDreams of adventure deeds of empire
260 _aLondon
_bRoutledge UK
_c1979
300 _axv, 429p.
_ccm.
650 _aENGLISH LITERATURE
942 _hO111, 3:g, M0
_cTEXL
_2CC
999 _c119277
_d119277